=LDR 00000nam 2200000 4500 =001 INLIS000000000026450 =005 20130612124907 =008 ***********************************Ind** =035 ##$$0010-061300000026450 =041 ##$$a Ind =082 ##$$a 028.5 =090 ##$$a 028.5, Yud a =100 ##$$a Yudistira, Emha =245 ##$$a Akibat kera yang serakah, Emha Yudistira =260 ##$$a 2005 $b Jakarta =300 ##$$a 16 hlm, ilus, 21 cm =650 ##$$a Bacaan anak-anak =850 ##$$a NBPNMAT